[Event "ITA-ch U20"]
[Site "Tarvisio"]
[Date "2023.07.07"]
[Round "7"]
[White "Caputo, Piero"]
[Black "Pulvirenti, Davide"]
[Result "1/2-1/2"]
[WhiteElo "1693"]
[BlackElo "1474"]
[PlyCount "61"]
[EventDate "2023.07.02"]
[EventType "swiss"]
[EventRounds "9"]
[EventCountry "ITA"]
[SourceTitle "EXT 2024"]
[Source "ChessBase"]
[SourceDate "2023.10.10"]
[SourceVersion "1"]
[SourceVersionDate "2023.10.10"]
[SourceQuality "1"]

1. e4 e6 2. d4 d5 3. exd5 exd5 4. Nf3 Bd6 5. c4 c6 6. Nc3 Nf6 7. Be2 0-0 8. 0-0 Bf5 9. Bg5 Nbd7 10. cxd5 h6 11. Bxf6 Qxf6 12. Bd3 Bg4 13. Ne4 Qf4 14. Nxd6 Qxd6 15. dxc6 Qxc6 16. Be2 Qd5 17. Qb3 Nb6 18. Qxd5 Nxd5 19. h3 Bh5 20. Rfe1 Nf4 21. Bf1 Nxh3+ 22. gxh3 Bxf3 23. Re3 Bd5 24. Rae1 f6 25. b3 Rad8 26. Re7 Rf7 27. Re8+ Rf8 28. R8e7 Rf7 29. Bb5 Rxe7 30. Rxe7 Kf8 31. Re3 1/2-1/2